Schools for an information age : reconstructing foundations for learning and teaching

Αποθηκεύτηκε σε:
Λεπτομέρειες βιβλιογραφικής εγγραφής
Κύριος συγγραφέας: Jones, Byrd L.
Άλλοι συγγραφείς: Maloy, Robert W.
Μορφή: Βιβλίο
Γλώσσα:English
Δημοσίευση: London : Praeger, 1996
Θέματα:
Ετικέτες: Προσθήκη ετικέτας
Δεν υπάρχουν, Καταχωρήστε ετικέτα πρώτοι!

MARC

LEADER 00000nam a2200000 i 4500
001 1/99638
008 000127s1996 eng d
020 |a 0-275-95396-3 
035 |l 10056963 
040 |a GR-MY-UA  |b gre  |e aacr 
041 0 |a eng 
082 0 |a 370.0973  |2 (20) 
100 1 |a Jones, Byrd L. 
245 1 0 |a Schools for an information age :  |b reconstructing foundations for learning and teaching /  |c Byrd L. Jones, Robert W. Maloy 
260 |a London :   |b Praeger,   |c 1996 
300 |a 388 p. 
504 |a Includes bibliographical references and index. 
650 0 0 |a Education  |z United States  |x Aims and Objectives. 
650 0 0 |a Educational change  |z United States. 
650 0 0 |a Constructivism (Education)  |z United States. 
650 0 0 |a Educational technology  |z United States. 
650 0 0 |a Educational equalization  |z United States. 
650 0 0 |a Pluralism (Social sciences)  |z United States. 
700 1 |a Maloy, Robert W. 
852 |a INST  |b RHODES  |e 20000127  |h 370.0973 JON  |p 005400012082  |q 005400012082  |t BK  |y 0 
901 |a BIBL4-2000-1 
909 |a Ρ  |b 068634 
922 |a 4ΕΛΗ  |b 199909  |c ΚΠΣ/154  |d GLORY BOOKS 
970 |z 2000/01/27